Meranie environmentálnych veličín pomocou vývojovej dosky mikropočítača
Na minha lista:
| Autor principal: | |
|---|---|
| Outros Autores: | |
| Formato: | Manuscrito Livro |
| Idioma: | eslovaco |
| Publicado em: |
Bratislava :
STU v Bratislave FEI,
2022
|
| Assuntos: | |
| Acesso em linha: | https://opac.crzp.sk/?fn=detailBiblioFormChildIRN8&sid=378281AEB05FBF717430CCA6EBFA&seo=CRZP-detail-kniha |
| Tags: |
Sem tags, seja o primeiro a adicionar uma tag!
|
MARC
| LEADER | 00000ntm a22000003a 4500 | ||
|---|---|---|---|
| 001 | stuzp88793 | ||
| 003 | SK-STU | ||
| 005 | 20230404124941.7 | ||
| 007 | ta | ||
| 008 | 150427s2015----xo-----f-mn---000-0-slo-d | ||
| 040 | |a STU |b slo | ||
| 041 | 0 | |a slo | |
| 044 | |a xo | ||
| 100 | 1 | |a Topoli, Damián |u 035000 |4 aut |U FEI Fakulta elektrotechniky a informatiky |T FEI Ústav informatiky a matematiky |X 104613 |U E050 |Y 816 |7 104613 | |
| 242 | 0 | 1 | |a Enviro-board sensors for mikroprocessor |y eng |
| 245 | 1 | 0 | |a Meranie environmentálnych veličín pomocou vývojovej dosky mikropočítača |
| 260 | |a Bratislava : |b STU v Bratislave FEI, |c 2022 | ||
| 300 | |a 63 s., príl. | ||
| 650 | 4 | |a MQTT |2 slo | |
| 650 | 4 | |a Raspberry Pi |2 slo | |
| 650 | 4 | |a Mesh sieť |2 slo | |
| 650 | 4 | |a senzory |2 slo | |
| 650 | 4 | |a B.A.T.M.A.N. |2 slo | |
| 650 | 4 | |a Raspberry Pi |2 eng | |
| 650 | 4 | |a MQTT |2 eng | |
| 650 | 4 | |a Mesh network |2 eng | |
| 650 | 4 | |a sensors |2 eng | |
| 650 | 4 | |a B.A.T.M.A.N. |2 eng | |
| 700 | 1 | |a Marček, Stanislav |u 035000 |k Z1 |4 ths |U FEI Fakulta elektrotechniky a informatiky |T FEI Ústav informatiky a matematiky |X 27068 |U E050 |Y 816 |7 A000027068 | |
| 856 | 4 | |u https://opac.crzp.sk/?fn=detailBiblioFormChildIRN8&sid=378281AEB05FBF717430CCA6EBFA&seo=CRZP-detail-kniha | |